00645nam a2200193Ia 4500008004100000020002200041050001800063082002300081100003100104245008400135250001100219260002300230300002600253440002200279650003100301942000700332952009500339999001700434120905s9999 xx 000 0 und d a978-968-24-7655-6 aG154 R35 2007 a338.4791 R36g 2007 aRamírez Cavassa, César aGestión administrativa para empresas turísticas / César Rámirez Cavassa a3a ed. aMéxico : Trillas a354 p. : il. ; 24 cm. a(Trillas turismo) a1. Turismo 2. Gerencia Ì cLB 00104070a13b13d2010-09-15l0oG154 R35 2007p13 001791r2012-09-05t1w2012-09-05yLB c84292d84292